Atlas de viento y energía eólica de Colombia (Registro nro. 5517)

Detalles MARC
000 -CABECERA
Campo de control 00965nam a2200277 a 4500
005 - FECHA Y HORA DE LA ULTIMA TRANSACCION
Campo de control 20170908110955.0
008 - ELEMENTOS DE LONGITUD FIJA—INFORMACION GENERAL
Campo de control 170908b2006 ck ||||| |||| 00| 0 spa d
020 ## - ISBN
ISBN 9588067170
040 ## - FUENTE DE CATALOGACIÓN
Agencia catalogadora original CO-BoIAVH
Agencia transcriptora CO-BoIAVH
041 ## - IDIOMA
Código de idioma para texto/pista de sonido o título separado Español
044 ## - PAÍS DE PUBLICACIÓN
País de publicación Colombia
082 ## - NUMERO DE CLASIFICACION DECIMAL DEWEY
Número de clasificación 333.92
Número del ítem I19a
110 ## - ASIENTO PRINCIPAL--NOMBRE CORPORATIVO
Nombre corporativo o de jurisdicción como elemento de entrada Instituto de Hidrología, Meteorología y Estudios Ambientales IDEAM
9 (RLIN) 17355
245 1# - MENCION DE TITULO
Título Atlas de viento y energía eólica de Colombia
260 ## - PUBLICACION, DISTRIBUCION, ETC. (PIE DE IMPRENTA)
Lugar de publicación, distribución, etc. Bogotá
Nombre del editor, distribuidor, etc. Ministerio de Minas y Energía
-- UPME
-- IDEAM
Fecha de publicación, distribución, etc. 2006
300 ## - DESCRIPCION FISICA
Extensión 169 páginas
Otros detalles físicos mapas, tablas
650 14 - ASIENTO SECUNDARIO DE MATERIA - TERMINO TEMATICO
Término temático o nombre geográfico como elemento de entrada Presión atmosferica
9 (RLIN) 84111
650 14 - ASIENTO SECUNDARIO DE MATERIA - TERMINO TEMATICO
Término temático o nombre geográfico como elemento de entrada Orígenes del viento
9 (RLIN) 84112
650 14 - ASIENTO SECUNDARIO DE MATERIA - TERMINO TEMATICO
Término temático o nombre geográfico como elemento de entrada Velocidad del viento en superficie
9 (RLIN) 84113
650 14 - ASIENTO SECUNDARIO DE MATERIA - TERMINO TEMATICO
Término temático o nombre geográfico como elemento de entrada Viento
Subdivisión de forma Clasificación
Subdivisión general Definición
9 (RLIN) 84114
650 14 - ASIENTO SECUNDARIO DE MATERIA - TERMINO TEMATICO
Término temático o nombre geográfico como elemento de entrada Viento
Subdivisión de forma Modelamiento
9 (RLIN) 84115
650 14 - ASIENTO SECUNDARIO DE MATERIA - TERMINO TEMATICO
Término temático o nombre geográfico como elemento de entrada Medición
Subdivisión de forma Procesamiento de información
9 (RLIN) 84116
650 14 - ASIENTO SECUNDARIO DE MATERIA - TERMINO TEMATICO
Término temático o nombre geográfico como elemento de entrada Viento
Subdivisión de forma Modelos estadísticos
9 (RLIN) 84117
942 ## - ELEMENTOS ADICIONALES (KOHA)
Tipo de ítem Libro
Sistema de clasificación Dewey Decimal Classification
945 ## - PROCESAMIENTO LOCAL
AAAA-MM-DD - Fecha de ingreso o modificacion 2007-05-16
Existencias
Withdrawn status Lost status Sistema de Clasificación Damaged status No para préstamo Colección Inventariado Ubicación Permanente Ubicación actual Fecha de adquisición Fuente de Valor Valor Total Checkouts Número topográfico Inventario / Código de Barras Date last seen Ejemplar Price effective from Forma de adquisición Tipo de material
    Dewey Decimal Classification     General Inventariado 2017 Bogotá Bogotá 16/05/2007 Instituto 30000.00   LB-333.92 I19a 024316 04/12/2012 Ej.1 04/12/2012 Donación Libro